MARC details
| 000 -CABECERA |
| campo de control de longitud fija |
01490nam a2200265 a 4500 |
| 001 - NÚMERO DE CONTROL |
| campo de control |
000047816 |
| 003 - IDENTIFICADOR DEL NÚMERO DE CONTROL |
| campo de control |
DO-SdBNP |
| 005 - FECHA Y HORA DE LA ÚLTIMA TRANSACCIÓN |
| campo de control |
20240418073804.0 |
| 007 - CAMPO FIJO DE DESCRIPCIÓN FÍSICA--INFORMACIÓN GENERAL |
| campo de control de longitud fija |
ta |
| 008 - DATOS DE LONGITUD FIJA--INFORMACIÓN GENERAL |
| campo de control de longitud fija |
180822s2014 dr aoc fr 001 edspa d |
| 020 ## - NÚMERO INTERNACIONAL ESTÁNDAR DEL LIBRO |
| Número Internacional Estándar del Libro |
9789945081138 |
| 040 ## - FUENTE DE LA CATALOGACIÓN |
| Centro catalogador/agencia de origen |
DO-SdBNP |
| Lengua de catalogación |
spa |
| Centro/agencia transcriptor |
BNPHU |
| 082 #4 - NÚMERO DE LA CLASIFICACIÓN DECIMAL DEWEY |
| Número de edición |
22 |
| Número de documento/Ítem |
M385t |
| 100 1# - ENTRADA PRINCIPAL--NOMBRE DE PERSONA |
| Nombre de persona |
Martínez Almánzar, Juan Francisco |
| 9 (RLIN) |
75398 |
| 245 10 - MENCIÓN DE TÍTULO |
| Título |
Tratado de sociología general y jurídica / |
| Mención de responsabilidad, etc. |
Juan Francisco Martínez Almánzar. |
| 260 ## - PUBLICACIÓN, DISTRIBUCIÓN, ETC. |
| Lugar de publicación, distribución, etc. |
Santo Domingo : |
| Nombre del editor, distribuidor, etc. |
9 De Octubre, |
| Fecha de publicación, distribución, etc. |
2014 |
| 300 ## - DESCRIPCIÓN FÍSICA |
| Extensión |
501,III p. ; |
| Dimensiones |
22 cm. |
| 500 ## - NOTA GENERAL |
| Nota general |
Incluye datos biográficos del autor en la solapa de la contracubierta. |
| 505 0# - NOTA DE CONTENIDO CON FORMATO |
| Nota de contenido con formato |
Ciencias, conocimientos y ciencias sociales -- |
| Título |
Sociedad y sociología -- |
| -- |
Sociología jurídica y derecho -- |
| -- |
Humanización y religión -- |
| -- |
Metodología de la investigación social -- |
| -- |
Sociología jurídica y distintas corrientes del pensamiento social -- |
| -- |
Cultura, grupos sociales y comportamiento colectivo -- |
| -- |
Acción social, cambio social y desviación social -- |
| -- |
Economía, pobreza marginalidad y subdesarrollo |
| -- |
Estratificación y clases sociales -- |
| -- |
Sociología jurídica y los tipos de estructuras -- |
| -- |
Derecho, neoliberalismo y globalización -- |
| -- |
La nación dominicana y reformas constitucionales -- |
| -- |
Procesos políticos . |
| 590 ## - NOTA LOCAL (RLIN) |
| Nota local |
Inventariado, 2018/VM |
| 650 #0 - PUNTO DE ACCESO ADICIONAL DE MATERIA--TÉRMINO DE MATERIA |
| Término de materia o nombre geográfico como elemento de entrada |
Sociología |
| Subdivisión geográfica |
República Dominicana |
| 9 (RLIN) |
1061 |
| 650 #4 - PUNTO DE ACCESO ADICIONAL DE MATERIA--TÉRMINO DE MATERIA |
| 9 (RLIN) |
34584 |
| Término de materia o nombre geográfico como elemento de entrada |
Ciencias Sociales |
| Subdivisión general |
Enseñanza |
| Subdivisión geográfica |
República Dominicana |
| 910 ## - DATOS DE OPCIÓN DEL USUARIO (OCLC) |
| Datos de opción del usuario |
MFeliz |
| 942 ## - ELEMENTOS DE PUNTO DE ACCESO ADICIONAL (KOHA) |
| Fuente del sistema de clasificación o colocación |
Dewey Decimal Classification |
| Tipo de ítem Koha |
Libro |